header

Metabolic activities of the lung (Record no. 78193)

MARC details
000 -LEADER
fixed length control field 01470nam a2200361 a 4500
082 04 - DEWEY DECIMAL CLASSIFICATION NUMBER
Classification number 599.01/21
245 10 - TITLE STATEMENT
Title Metabolic activities of the lung
260 ## - PUBLICATION, DISTRIBUTION, ETC. (IMPRINT)
Place of publication Amsterdam ;
-- New York :
Name of publisher Excerpta Medica ;
Place of publication New York, N.Y. :
Name of publisher Elsevier/North-Holland,
Year of publication 1980.
300 ## - PHYSICAL DESCRIPTION
Number of Pages ix, 401 p. :
Other physical details ill.
490 1# - SERIES STATEMENT
Series statement Ciba Foundation symposium ;
650 #0 - SUBJECT ADDED ENTRY--TOPICAL TERM
Topical Term Lungs
Topical Term Metabolism
856 40 - ELECTRONIC LOCATION AND ACCESS
Uniform Resource Identifier http://site.ebrary.com/lib/rucke/Doc?id=10575553

No items available.

© 2026 Rongo University
Contact us: librarian | system librarian | Rongo university